Controlling fiscal corruption

Saved in:
Bibliographic Details
Main Author: Chand, Sheetal K.
Other Authors: Moene, Karl O.
Format: Book
Language:English
Published: Washington International Monetary Fund 1997
Series:IMF Working Paper WP/97/100
Subjects:
Tags: Add Tag
No Tags, Be the first to tag this record!

MARC

LEADER 00000nam a2200000 4500
001 c100120
005 20221124074502.5
041 0 |a eng 
044 |a US 
245 1 0 |a Controlling fiscal corruption  |c Sheetal K. Chand, Karl O. Moene 
264 1 |a Washington  |b International Monetary Fund  |c 1997 
300 |a 17 s. 
490 1 |a IMF Working Paper  |v WP/97/100 
830 0 |a IMF Working Paper  |v WP/97/100 
610 2 0 |a kontroling 
610 2 0 |a korupcia 
610 2 0 |a politika fiškálna 
610 2 0 |a dane 
610 2 0 |a únik daňový 
610 2 0 |a zdaňovanie 
610 2 0 |a Ghana 
100 1 |a Chand, Sheetal K. 
700 1 |a Moene, Karl O.